000
003200000a22001450004500
003
MACL
040
_a
MACL
090
_c
33939
_d
33937
100
_a
harao' Shelley
245
_a
Microsoft Windows XP Home Edition
260
_b
Techmedia
_c
2002
350
_a
60
650
_a
Computer probraming
942
_c
BOOK
_k
005/Har
999
_c
33583
_d
33583